000 01455nam a2200433 i 4500
001 51901
003 KOSZ 005
005 20220304144411.0
008 060617s2004 pl a f f |000 0 pol d
020 _a8391695506
040 _cKOSZ 005
_aKOSZ 005
_dKOSZ 005/HR
046 _k51901
080 _a692
080 _a693
080 _a624.01/.07
080 _a72.01
080 _a(02.025.2)
080 _a(083.1)
100 1 _aMarkiewicz, Przemysław
_eAutor
245 1 0 _aProjektowanie wnętrz z zastosowaniem systemów suchej zabudowy z płyt gipsowo-kartonowych /
_cPrzemysław Markiewicz.
260 _aKraków :
_b"Archi-Plus",
_c2004.
300 _a264 s. :
_brys. +
_e30 cm.
380 _aKsiążki
380 _aPublikacje fachowe
388 _a2001-
490 1 _aVademecum Projektanta
500 _aNa okł. podtyt.: "okładziny ścian, ściany działowe, sufity podwieszane, systemy podłogowe, zabudowa poddaszy".
504 _aBibliogr.
650 4 _aSufit
650 4 _aPodłoga
650 4 _aKonstrukcje budowlane
650 4 _aŚciany
655 4 _aPoradnik
658 _aArchitektura i budownictwo
830 0 _aVademecum Projektanta
856 _uhttp://koha.tu.koszalin.pl/cgi-bin/koha/opac-detail.pl?biblionumber=51901
_yKatalog online BPK
942 _cKS
_2UKD
999 _c51901
_d51901